Sports Quiz

Random Sports or NCAA Quiz

NCAA Women's Volleyball Final Four Teams Quiz Stats

 Plays Quiz not verified by Sporcle

Challenge
Share
Tweet
Embed
Score 0/112 Timer 04:00
0 Plays Today
Year School % Correct
1994Penn State
94.6%
1997Penn State
94.6%
1998Penn State
94.6%
1999Penn State
94.6%
2007Penn State
94.6%
2008Penn State
94.6%
1993Penn State
94.6%
1986Texas
93.3%
1987Texas
93.3%
1988Texas
93.3%
1995Texas
93.3%
2008Texas
93.3%
1983Stanford
92.8%
1984Stanford
92.8%
1985Stanford
92.8%
1986Stanford
92.8%
1987Stanford
92.8%
1982Stanford
92.8%
1992Stanford
92.8%
1994Stanford
92.8%
1995Stanford
92.8%
1996Stanford
92.8%
1997Stanford
92.8%
1999Stanford
92.8%
2001Stanford
92.8%
2002Stanford
92.8%
2004Stanford
92.8%
2006Stanford
92.8%
2007Stanford
92.8%
2008Stanford
92.8%
1984UCLA
91.9%
1985UCLA
91.9%
1988UCLA
91.9%
1989UCLA
91.9%
1981UCLA
91.9%
1983UCLA
91.9%
1990UCLA
91.9%
1991UCLA
91.9%
Year School % Correct
1992UCLA
91.9%
1994UCLA
91.9%
2006UCLA
91.9%
1981Southern California
91.4%
1985Southern California
91.4%
1982Southern California
91.4%
2000Southern California
91.4%
2002Southern California
91.4%
2003Southern California
91.4%
2004Southern California
91.4%
2007Southern California
91.4%
1992Florida
88.6%
1993Florida
88.6%
1996Florida
88.6%
1997Florida
88.6%
1998Florida
88.6%
2002Florida
88.6%
2003Florida
88.6%
2007California
86.8%
1986Nebraska
85.4%
1989Nebraska
85.4%
1990Nebraska
85.4%
1995Nebraska
85.4%
1996Nebraska
85.4%
1998Nebraska
85.4%
2000Nebraska
85.4%
2001Nebraska
85.4%
2005Nebraska
85.4%
2006Nebraska
85.4%
2006Nebraska
85.4%
2008Nebraska
85.4%
2004Washington
82.5%
2005Washington
82.5%
2001Arizona
74%
1982Hawai'i
72.5%
1987Hawai'i
72.5%
1988Hawai'i
72.5%
1983Hawai'i
72.5%
Year School % Correct
1996Hawai'i
72.5%
2000Hawai'i
72.5%
2002Hawai'i
72.5%
2003Hawai'i
72.5%
2004Minnesota
70.7%
2003Minnesota
70.7%
1991Ohio State
70.5%
1994Ohio State
70.5%
2000Wisconsin
66.8%
1995Michigan State
65.1%
1987Illinois
60.7%
1988Illinois
60.7%
1990LSU
58.2%
1991LSU
58.2%
1989Long Beach St.
56.8%
1991Long Beach St.
56.8%
1992Long Beach St.
56.8%
1993Long Beach St.
56.8%
1997Long Beach St.
56.8%
1998Long Beach St.
56.8%
1999Long Beach St.
56.8%
2001Long Beach St.
56.8%
2005Tennessee
55.4%
1993BYU
50.5%
1983Pacific
41.1%
1984Pacific
41.1%
1985Pacific
41.1%
1986Pacific
41.1%
1981Pacific
41.1%
1990Pacific
41.1%
1999Pacific
41.1%
1981San Diego State
33.3%
1982San Diego State
33.3%
2005Santa Clara
26.3%
1984San Jose State
18.2%
1989Texas-Arlington
7.2%

You're not logged in!

Compare scores with friends on all Sporcle quizzes.
Join for Free
OR
Log In

You Might Also Like...

Show Comments

Extras

Top Quizzes Today


Score Distribution

Your Account Isn't Verified!

In order to create a playlist on Sporcle, you need to verify the email address you used during registration. Go to your Sporcle Settings to finish the process.

Report this User

Report this user for behavior that violates our Community Guidelines.

Details: